00313nam a2200121Ia 4500008004100000082001600041100001500057245005100072250000800123260003600131300000800167650001600175191201s2010 xx 000 0 und d a621.52bMAL aMANKE, B S 0aLinear Control Systems with MATLAB Application a8th aN.DelhibKhanna Publisherc2010 a603 aB.Tech(ECE)